[Event "Liverpool Open"]
[Site "?"]
[Date "2007.09.05"]
[Round "5.29"]
[White "Taylor, Edward"]
[Black "Lambert, John"]
[Result "1/2-1/2"]
[WhiteElo "2072"]
[BlackElo "1632"]
[PlyCount "27"]
[EventDate "2007.09.06"]
[SourceDate "2007.09.06"]

1. d4 d5 2. Bg5 Nd7 3. Nd2 Ngf6 4. e3 h6 5. Bh4 e5 6. dxe5 Nxe5 7. Ngf3 Ng6 8.
Bg3 Bd6 9. Bxd6 Qxd6 10. Bd3 Ne5 11. Nxe5 Qxe5 12. c3 O-O 13. O-O Re8 14. Qc2
1/2-1/2

[Event "Liverpool Open"]
[Site "?"]
[Date "2007.09.05"]
[Round "5.30"]
[White "Almer, Julia"]
[Black "Tasker, Michael"]
[Result "1/2-1/2"]
[WhiteElo "1932"]
[BlackElo "2070"]
[PlyCount "28"]
[EventDate "2007.09.06"]
[SourceDate "2007.09.06"]

1. e4 c5 2. Nf3 d6 3. d4 cxd4 4. Nxd4 Nf6 5. Nc3 Nc6 6. Be2 g6 7. Be3 Bg7 8.
O-O O-O 9. Kh1 d5 10. exd5 Nxd5 11. Nxd5 Nxd4 12. Bxd4 Qxd5 13. Bxg7 Qxd1 14.
Raxd1 Kxg7 1/2-1/2

[Event "Liverpool Open"]
[Site "?"]
[Date "2007.09.05"]
[Round "5.31"]
[White "Cannon, Raymond Charles"]
[Black "Solomon, Graeme"]
[Result "1-0"]
[WhiteElo "2050"]
[BlackElo "1408"]
[PlyCount "75"]
[EventDate "2007.09.06"]
[SourceDate "2007.09.06"]

1. e4 d6 2. d4 Nf6 3. Nc3 c6 4. g3 Nbd7 5. Bg2 e5 6. Nge2 Be7 7. h3 O-O 8. a4
a5 9. Be3 Re8 10. O-O Bf8 11. Qd2 g6 12. Rad1 h5 13. f4 Bg7 14. dxe5 dxe5 15.
fxe5 Nh7 16. e6 Rxe6 17. Nf4 Re8 18. Rf2 Qe7 19. Rdf1 Ne5 20. Qe2 Nf6 21. Nd3
Nfd7 22. Bf4 f6 23. Nb1 b6 24. Nxe5 Nxe5 25. Bxe5 Qxe5 26. Qc4+ Re6 27. Rd1 Ba6
28. Qb3 Rb8 29. Rd7 Kh7 30. Ra7 Bc8 31. Qa3 Rd6 32. Nd2 Be6 33. Nf3 Rd1+ 34.
Kh2 Qd6 35. Qc3 Kh6 36. Ng5 Qe5 37. Qxe5 fxe5 38. Nxe6 1-0

[Event "Liverpool Open"]
[Site "?"]
[Date "2007.09.05"]
[Round "5.32"]
[White "Ali, Golam"]
[Black "Pass, Deborah"]
[Result "1-0"]
[WhiteElo "1816"]
[BlackElo "2044"]
[PlyCount "65"]
[EventDate "2007.09.06"]
[SourceDate "2007.09.06"]

1. d4 Nf6 2. c4 g6 3. Nc3 Bg7 4. Nf3 O-O 5. e3 d6 6. Be2 Nbd7 7. O-O e5 8. h3
Ne8 9. b3 f5 10. dxe5 Nxe5 11. Bb2 Nxf3+ 12. Bxf3 Qh4 13. Qc2 g5 14. Nd5 g4 15.
g3 Qd8 16. Bxg7 Kxg7 17. hxg4 fxg4 18. Be4 Nf6 19. Kg2 Nxe4 20. Qxe4 Bf5 21.
Qd4+ Kg8 22. e4 Bg6 23. f4 gxf3+ 24. Rxf3 Rxf3 25. Kxf3 Qg5 26. Nf6+ Kf7 27.
Rf1 Ke6 28. Kg2 Rf8 29. Nxh7 Bxh7 30. Rxf8 Ke7 31. Rf4 Bg8 32. Qh8 Be6 33. Qh4
1-0

[Event "Liverpool Open"]
[Site "?"]
[Date "2007.09.05"]
[Round "5.33"]
[White "Brocklebank, Peter"]
[Black "Jameson, David"]
[Result "0-1"]
[WhiteElo "1810"]
[BlackElo "2006"]
[PlyCount "76"]
[EventDate "2007.09.06"]
[SourceDate "2007.09.06"]

1. e4 c6 2. d4 d5 3. e5 Bf5 4. Nf3 e6 5. Be2 c5 6. Be3 Qb6 7. Nc3 Qxb2 8. Nb5
Na6 9. dxc5 Bxc2 10. Qc1 Qxc1+ 11. Rxc1 Ba4 12. Nd6+ Bxd6 13. cxd6 Nb4 14. Nd4
Nc6 15. Nb5 Rc8 16. Kd2 Bxb5 17. Bxb5 Kd7 18. Bxc6+ bxc6 19. Rb1 c5 20. Rb7+
Kc6 21. Rxf7 d4 22. Bf4 Nh6 23. Bxh6 gxh6 24. Rxa7 Rhf8 25. f3 Kd5 26. Rc1 Kxe5
27. d7 Rc6 28. Rb1 Rd8 29. Rc1 Kd6 30. Rc4 Rxd7 31. Rxd7+ Kxd7 32. Kd3 Kd6 33.
Ke4 Rb6 34. Rc2 Rb1 35. Re2 Rd1 36. Rc2 Re1+ 37. Kd3 Kd5 38. g4 Re3+ 0-1

[Event "Liverpool Open"]
[Site "?"]
[Date "2007.09.05"]
[Round "5.34"]
[White "Potter, Steven"]
[Black "Campbell, Ian"]
[Result "1/2-1/2"]
[WhiteElo "1648"]
[BlackElo "1996"]
[PlyCount "35"]
[EventDate "2007.09.06"]
[SourceDate "2007.09.06"]

1. d4 Nf6 2. Bg5 d5 3. Bxf6 exf6 4. e3 Bd6 5. c4 dxc4 6. Bxc4 O-O 7. Nc3 c6 8.
Nf3 Nd7 9. O-O Nb6 10. Bb3 Bg4 11. e4 Qc7 12. h3 Bh5 13. Qd3 Rad8 14. Bc2 Be5
15. g4 Bg6 16. Rad1 Rfe8 17. Rfe1 h6 18. Qf1 1/2-1/2

[Event "Liverpool Open"]
[Site "?"]
[Date "2007.09.05"]
[Round "5.35"]
[White "Redmond, John"]
[Black "Ewart, Brian"]
[Result "1/2-1/2"]
[WhiteElo "2212"]
[BlackElo "1808"]
[PlyCount "81"]
[EventDate "2007.09.06"]
[SourceDate "2007.09.06"]

1. f4 d5 2. e3 g6 3. Nf3 Bg7 4. Be2 c5 5. O-O Nc6 6. d3 Nf6 7. Nc3 d4 8. Ne4
Nd5 9. Nxc5 Nxe3 10. Bxe3 dxe3 11. c3 Qd6 12. d4 O-O 13. g3 Rb8 14. Qc1 Bg4 15.
Qxe3 Bxf3 16. Bxf3 Nxd4 17. Ne4 Nxf3+ 18. Qxf3 Qb6+ 19. Rf2 Rfd8 20. f5 gxf5
21. Qxf5 Qg6 22. Qf3 b5 23. Raf1 Kh8 24. Kh1 b4 25. Re2 Rb5 26. Qxf7 Qc6 27.
Qf3 Re5 28. Rfe1 Rf8 29. Qg2 Ref5 30. cxb4 Bd4 31. a3 h5 32. Qh3 e5 33. Qg2 Rf3
34. Qh3 R8f5 35. Qh4 Qd5 36. g4 R5f4 37. h3 Kg8 38. Kh2 hxg4 39. hxg4 Rf7 40.
Qg5+ Rg7 41. Nf6+ 1/2-1/2

[Event "Liverpool Open"]
[Site "?"]
[Date "2007.09.05"]
[Round "5.36"]
[White "Mollison, Jamie"]
[Black "Lee, Steven"]
[Result "1-0"]
[WhiteElo "1917"]
[BlackElo "1592"]
[PlyCount "81"]
[EventDate "2007.09.06"]
[SourceDate "2007.09.06"]

1. e4 c5 2. Nf3 d6 3. d4 cxd4 4. Nxd4 Nf6 5. Nc3 a6 6. Bc4 e6 7. Bb3 Be7 8. Qf3
O-O 9. Be3 Nbd7 10. Qg3 Nc5 11. Qf3 b5 12. Nc6 Qc7 13. Nxe7+ Qxe7 14. e5 Bb7
15. exf6 gxf6 16. Qh3 Kh8 17. Rg1 Rad8 18. g4 d5 19. Ne2 Nxb3 20. axb3 e5 21.
g5 fxg5 22. Rxg5 f6 23. Rh5 Rf7 24. Bd2 Qc5 25. Qc3 Qd6 26. Qd3 d4 27. Ng3 e4
28. Qf1 e3 29. fxe3 dxe3 30. Ba5 b4 31. Qd3 Qxd3 32. cxd3 Rxd3 33. Bxb4 Rfd7
34. Rf5 Kg7 35. Bc3 R7d6 36. Rf4 Kg6 37. h4 h5 38. Nf5 Re6 39. Ke2 Rd8 40. Rg1+
Kf7 41. Rg7+ 1-0

[Event "Liverpool Open"]
[Site "?"]
[Date "2007.09.05"]
[Round "5.37"]
[White "Chard, Marcus"]
[Black "Brooke, John"]
[Result "1-0"]
[WhiteElo "1608"]
[BlackElo "1887"]
[PlyCount "54"]
[EventDate "2007.09.06"]
[SourceDate "2007.09.06"]

1. e4 d6 2. d4 Nf6 3. Nc3 g6 4. h3 Bg7 5. Nf3 c5 6. Bd3 cxd4 7. Nxd4 O-O 8. O-O
a6 9. Be3 Nc6 10. f4 Bd7 11. Qd2 Rc8 12. Rf2 b5 13. a3 Nh5 14. Be2 Ng3 15. Bf3
h5 16. Nd5 e5 17. Ne2 Nxe2+ 18. Bxe2 Nd4 19. Bd3 Qh4 20. f5 gxf5 21. Bg5 Qg3
22. Ne7+ Kh8 23. Nxc8 f4 24. Nb6 Bxh3 25. Be7 Re8 26. Nd5 Bg4 27. c3 Ne6 {
remaining moves illegible} 1-0

[Event "Liverpool Open"]
[Site "?"]
[Date "2007.09.05"]
[Round "5.38"]
[White "MacGilchrist, Siegrun"]
[Black "Balatoni, Richard"]
[Result "1-0"]
[WhiteElo "1834"]
[BlackElo "1528"]
[PlyCount "55"]
[EventDate "2007.09.06"]
[SourceDate "2007.09.06"]

1. e4 e6 2. d4 d5 3. Nd2 Nf6 4. e5 Nfd7 5. Bd3 c5 6. c3 Nc6 7. Ndf3 f5 8. exf6
Nxf6 9. Bg5 Bd6 10. Ne2 O-O 11. Qd2 Kh8 12. O-O-O cxd4 13. Nexd4 e5 14. Nxc6
bxc6 15. Bb1 Rb8 16. Qc2 Qc7 17. Nh4 Ne4 18. Be3 g5 19. Nf3 Qe7 20. Qa4 Nc5 21.
Bxc5 Bxc5 22. Rhe1 e4 23. Nd4 Qb7 24. Nb3 Rxf2 25. Bxe4 dxe4 26. Rd8+ Kg7 27.
Qxe4 Bf5 28. Qe5+ 1-0

[Event "Liverpool Open"]
[Site "?"]
[Date "2007.09.05"]
[Round "5.39"]
[White "Bentley, Emma"]
[Black "Kent, Paul"]
[Result "0-1"]
[WhiteElo "1368"]
[BlackElo "1484"]
[PlyCount "66"]
[EventDate "2007.09.06"]
[SourceDate "2007.09.06"]

1. e4 d5 2. exd5 Qxd5 3. Nc3 Qa5 4. Nf3 Nf6 5. Bc4 Bf5 6. d3 e6 7. Bd2 c6 8.
Nd5 Qd8 9. Ne3 Bg6 10. O-O Nbd7 11. h3 Bd6 12. Re1 O-O 13. a3 Rc8 14. Kh1 Bb8
15. Bb4 Re8 16. Qd2 Qc7 17. Ba5 b6 18. Bc3 e5 19. Nf1 e4 20. dxe4 Nxe4 21. Qd4
Ndf6 22. Qd1 Nxf2+ 23. Kg1 Nxd1 24. Raxd1 Rxe1 25. Rxe1 b5 26. Bb3 Qb6+ 27. Bd4
c5 28. Bf2 h6 29. Ne3 a5 30. Ne5 Bxe5 31. c3 Bf4 32. Nd5 Nxd5 33. Bxd5 Bh2+ 0-1

[Event "Liverpool Open"]
[Site "?"]
[Date "2007.09.05"]
[Round "5.40"]
[White "Baudisson, William"]
[Black "Morton, Alistair"]
[Result "0-1"]
[WhiteElo "1160"]
[BlackElo "1440"]
[PlyCount "80"]
[EventDate "2007.09.06"]
[SourceDate "2007.09.06"]

1. d4 Nf6 2. c4 e6 3. Nf3 d5 4. cxd5 exd5 5. e3 c6 6. Bd3 Bg4 7. h3 Bh5 8. Nbd2
Bd6 9. b3 Nbd7 10. Bb2 O-O 11. Qe2 Re8 12. g4 Bg6 13. Bxg6 fxg6 14. Nf1 Ne4 15.
a3 Rf8 16. N1d2 Nxd2 17. Kxd2 Qf6 18. Ne1 Qxf2 19. Qxf2 Rxf2+ 20. Kc3 Nf6 21.
Bc1 Ne4+ 22. Kd3 Rc8 23. b4 a5 24. Nc2 Ra8 25. bxa5 Rxa5 26. h4 Rb5 27. Nb4
Bxb4 28. axb4 Rxb4 29. Ra3 Rbb2 30. Rd1 Rb1 31. Rc3 Nxc3 32. Kxc3 Rh2 33. Rf1
Rxh4 34. Kc2 Ra1 35. Kb2 Ra8 36. Rg1 Rf8 37. Kb3 Rf2 38. Kb4 b6 39. g5 Rhh2 40.
Kb3 Rhg2 {remaining moves illegible} 0-1